Yeni yüzyıl ve yeni Türkiye (Record no. 10513)

MARC details
000 -BAŞLIK
Sabit Uzunlukta Kontrol Alanı 00897na a2200265 4500
001 - KONTROL NUMARASI
Denetim Alanı 23946
003 - KONTROL NUMARASI IDENTIFIER
Denetim Alanı MIRAKIL
005 - SON İŞLEM TARİHİ VE ZAMANI
Denetim Alanı 20181213155324.0
008 - SABİT-BOY VERİ ELEMANLARI - GENEL BİLGİLER
Sabit Uzunlukta Kontrol Alanı 180126b tu 000 0
040 ## - KATALOGLAMA KAYNAK
Orijinal Kataloglama Ajansı Milas
Kataloglama Dili tur
Metne Dönüştürmek Ajansı TR-AnCHP
041 ## - DİL KODU
Metin / Ses Parça Veya Ayrı Başlığın Dil Kodu tur
082 ## - DEWEY ONLU SINIFLANDIRMA NUMARASI
Sınıflandırma Numarası 330.9561
Ürün Numarası D54y [200?]
090 ## - SINIFLAMA NUMARASI
Sınıflama Numarası 330.9561 D54y [200?]
100 ## - ANA GİRİŞ - KİŞİSEL İSİM
Kişisel Ad Dileyici, Dilek
245 ## - BAŞLIK TABLOSU
Başlık Yeni yüzyıl ve yeni Türkiye
Başlığın Kalan 21. yüzyılda ekonomik boyutlarıyla yeni bir Türkiye projesi
Sorumluluk Tablosu, Vb Dilek Dileyici, Özlem Özkıvrak
246 ## - UNVAN FORM VARYING
Başlık Doğru / Kısa Başlığı 21. yüzyılda ekonomik boyutlarıyla yeni bir Türkiye projesi
260 ## - YAYIN, DAĞITIM, VB
Yayın, Dağıtım, Vb Yeri [y.y.]
Yayıncı, Dağıtıcı, Vs Adı [yayl.y.]
Yayın, Dağıtım, Vb Tarihi [200?]
300 ## - FİZİKSEL TANIM
Kapsam 90 s.
Diğer Fiziksel Ayrıntıları tbl. , hrt.
Boyutlar 30 sm.
504 ## - KAYNAKÇA VB NOT
Kaynakça Vb Notu Kaynakça var.
650 ## - KONU KATMA GİRİŞ - TOPİKAL DÖNEM
Topikal Süreli Veya Coğrafi Ad Giriş Elemanı Ekonomik durum
Genel Alt Bölümü Türkiye
650 ## - KONU KATMA GİRİŞ - TOPİKAL DÖNEM
Topikal Süreli Veya Coğrafi Ad Giriş Elemanı Ekonomi
Genel Alt Bölümü Türkiye
700 ## - KATMA GİRİŞ - KİŞİSEL İSİM
Kişisel Ad Özkıvrak, Özlem
740 ## - KATMA GİRİŞ - KONTROLSUZ İLGİLİ / ANALİTİK BAŞLIK
Kontrol Edilmeyen / İlgili Analitik Başlıktaki 21. yüzyılda ekonomik boyutlarıyla yeni bir Türkiye projesi
942 ## - EKLENDİ GİRİŞ ELEMANLARI (KOHA)
Sınıflandırma Veya Raf Düzeni Kaynak Dewey Decimal Classification
Koha Öğesi Türü Books
999 ## - SİSTEM KONTROL NUMARALARI (KOHA)
Koha Biblionumber 10513
Koha Biblioitemnumber 10513
Holdings
Kalıcı Konum Mevcut Konum Edinme Tarihi Edinim Kaynak Toplam Check-Out'Lar Tam Çağrı Numarası Barkod Tarih Son Görülme İtibaren Geçerli Fiyatlar Koha Öğesi Türü
CHP Kütüphanesi CHP Kütüphanesi 01/26/2018 Bağış   330.9561 D54y [200?] 017930 01/26/2018 01/26/2018 Books